| 000 | 00000nas##2200000za#4500 |
| 001 | 9.509630 |
| 003 | CaOODSP |
| 005 | 20200331214155 |
| 007 | ta |
| 008 | 150406c1994||||xxc|| m #||||f| |0eng|d |
| 040 | |aCaOODSP|beng |
| 041 | |aeng |
| 041 | |afre |
| 043 | |an-cn--- |
| 086 | 1 |aSC94-47 |
| 110 | 1 |aCanada.|bCanadian Centre for Management Development. |
| 245 | 10|aCCMD report |
| 260 | |aOttawa - Ontario : |bCanadian Centre for Management Development |
| 500 | |a"These reports will outline CCMD's view of current management topics or issues and offer practical guidance to managers."--Preface. |
| 520 | 3 |aThese reports will outline CCMD's view of current management topics or issues and offer practical guidance to managers.--Preface |
| 546 | |aBilingual |
| 563 | |aSoftcover |
| 776 | 0#|tRapport du CCG |w(CaOODSP)9.503292 |
| 776 | 0#|tCCMD report |w(CaOODSP)9.506895 |
| 792 | |tRapport du CCG |efre|w(CaOODSP)9.509631 |